Sports Quiz

Random Sports or NHL Quiz

NHL Active Regular Season Points Leaders (as of June 19 2011) Quiz Stats

 Plays Quiz not verified by Sporcle

Score 0/50 Timer 10:00
0 Plays Today
2010/11 Team(s) Players % Correct
Detroit Red WingsNick Lidstrom
95.2%
Ottawa SenatorsDaniel Alfredsson
91.3%
Calgary FlamesJarome Iginla
91.3%
Anaheim DucksTeemu Selanne
88.9%
San Jose SharksJoe Thornton
88.9%
Tampa Bay LightningMartin St. Louis
88.1%
Phoenix CoyotesShane Doan
85.7%
Chicago BlackhawksMarian Hossa
84.9%
San Jose SharksPatrick Marleau
84.9%
Tampa Bay LightningLecavalier
82.5%
Detroit Red WingsPavel Datsyuk
81.7%
Vancouver CanucksHenrik Sedin
80.2%
Vancouver CanucksDaniel Sedin
80.2%
Detroit Red WingsMike Modano
79.4%
New Jersey DevilsPatrik Elias
79.4%
Pittsburgh PenguinsSidney Crosby
79.4%
San Jose SharksDany Heatley
77.8%
New Jersey DevilsIlya Kovalchuk
76.2%
Washington CapitalsAlex Ovechkin
76.2%
Detroit Red WingsHenrik Zetterberg
76.2%
Dallas StarsBrad Richards
73.8%
New York RangersMarian Gaborik
73%
Ottawa Senators/Pittsburgh PenguinsAlex Kovalev
72.2%
Anaheim DucksSaku Koivu
66.7%
Montreal CanadiensScott Gomez
65.1%
2010/11 Team(s) Players % Correct
Colorado AvalancheMilan Hejduk
64.3%
Philadelphia FlyersChris Pronger
64.3%
Calgary FlamesOlli Jokinen
61.9%
New Jersey Devils/Washington CapitalsJason Arnott
61.1%
Phoenix CoyotesRay Whitney
57.9%
Calgary FlamesAlex Tanguay
55.6%
New York RangersChris Drury
55.6%
Philadelphia FlyersDaniel Briere
55.6%
Los Angeles KingsRyan Smyth
53.2%
Detroit Red WingsTodd Bertuzzi
53.2%
New Jersey Devils/Dallas StarsJamie Langenbrunner
51.6%
Ottawa SenatorsSergei Gonchar
50%
Boston BruinsMarc Savard
49.2%
Nashville PredatorsSteve Sullivan
47.6%
New Jersey DevilsBrian Rolston
45.2%
Minnesota WildAndrew Brunette
42.9%
Florida Panthers/Carolina HurricanesCory Stillman
39.7%
Tampa Bay LightningSimon Gagne
38.9%
Ottawa SenatorsJason Spezza
37.3%
Calgary FlamesDaymond Langkow
35.7%
New York RangersVaclav Prospal
31.7%
Carolina Hurricanes/Florida PanthersSergei Samsonov
25.4%
Montreal CanadiensRoman Hamrlik
23%
Florida Panthers/Atlanta ThrashersRadek Dvorak
17.5%
Calgary FlamesBrendan Morrison
15.9%

You're not logged in!

Compare scores with friends on all Sporcle quizzes.
OR
Log In

You Might Also Like...

Show Comments

Extras

Top Quizzes Today


Score Distribution

Your Account Isn't Verified!

In order to create a playlist on Sporcle, you need to verify the email address you used during registration. Go to your Sporcle Settings to finish the process.

Report this User

Report this user for behavior that violates our Community Guidelines.

Details: